| 000 | 00529nam a2200181Ia 4500 | ||
|---|---|---|---|
| 008 | 090122s9999 xx 000 0 und d | ||
| 082 | _b11425 | ||
| 100 |
_aशेवडे _bसच्चिदानंद |
||
| 245 | _aअघोरवाडा | ||
| 260 |
_bपारस _c2006 |
||
| 300 | _a176 | ||
| 501 | _a"श्री. टिळक गिरीश, भेट" | ||
| 600 | _aशेवडे | ||
| 630 | _aअघोरवाडा | ||
| 700 | _aशेवडे | ||
| 730 | _aअघोरवाडा | ||
| 942 | _cBOOK | ||
| 999 |
_c35502 _d35502 |
||